Southville International School and Colleges
Your cart is empty.
  • Cart
  • Lists
    Public lists Eva Luna New books Lux_list list_1
    Your lists Log in to create your own lists
  • Log in to your account
  • Your cookies
  • Search history
Southville International School and Colleges
  • Advanced search
  • Recent comments
  • Most popular
  • Libraries

Log in to your account

Log in with GOOGLE


If you do not have an external account, but do have a local account, you can still log in:

  1. Home
  2. MARC view: Readiness for retirement
Normal view MARC view ISBD view

Readiness for retirement (Record no. 367072)

[ view plain ]
MARC details
000 -LEADER
fixed length control field 00907nam a22002177a 4500
003 - CONTROL NUMBER IDENTIFIER
control field 0
005 - DATE AND TIME OF LATEST TRANSACTION
control field 20250127115526.0
008 - FIXED-LENGTH DATA ELEMENTS--GENERAL INFORMATION
fixed length control field 250127b xxu||||| |||| 00| 0 eng d
050 ## - LIBRARY OF CONGRESS CALL NUMBER
Classification number HD 7104.5
Item number .M36 2018
100 ## - MAIN ENTRY--PERSONAL NAME
Personal name Manabat, Angela Allyson V.
245 ## - TITLE STATEMENT
Title Readiness for retirement
Remainder of title A comparative analysis between part-time and full-time faculty members of southville international school and colleges
Statement of responsibility, etc Angela Allyson V. Manabat
260 ## - PUBLICATION, DISTRIBUTION, ETC. (IMPRINT)
Place of publication, distribution, etc Las Pinas City
Name of publisher, distributor, etc Southville International School and Colleges
Date of publication, distribution, etc 2018
300 ## - PHYSICAL DESCRIPTION
Extent iv, 71 pages ;
Dimensions 28cm.
500 ## - GENERAL NOTE
General note Human Resource Management.
504 ## - BIBLIOGRAPHY, ETC. NOTE
Bibliography, etc Includes bibliographical references and appendices. <br/>
650 ## - SUBJECT ADDED ENTRY--TOPICAL TERM
Topical term or geographic name as entry element Retirement—Psychological aspects.
650 ## - SUBJECT ADDED ENTRY--TOPICAL TERM
Topical term or geographic name as entry element College teachers—Retirement
650 ## - SUBJECT ADDED ENTRY--TOPICAL TERM
Topical term or geographic name as entry element Southville International School and Colleges—Faculty—Retirement.
650 ## - SUBJECT ADDED ENTRY--TOPICAL TERM
Topical term or geographic name as entry element Retirement—Planning.
942 ## - ADDED ENTRY ELEMENTS (KOHA)
Source of classification or shelving scheme Library of Congress Classification
Koha item type Theses
Holdings
Withdrawn status Lost status Source of classification or shelving scheme Damaged status Home library Current library Shelving location Date acquired Source of acquisition Sub Shelving location Total Checkouts Full call number Barcode Date last seen Price effective from Koha item type
    Library of Congress Classification   College Library College Library Theses Section 01/27/2025 Donation     HD 7104.5 .M36 2018 T1290 01/27/2025 01/27/2025 Theses

Readiness for retirement

APA

Manabat A. A. V., . (2018). Readiness for retirement. Las Pinas City: Southville International School and Colleges.

Chicago

Manabat Angela Allyson V, . 2018. Readiness for retirement. Las Pinas City: Southville International School and Colleges.

Harvard

Manabat A. A. V., . (2018). Readiness for retirement. Las Pinas City: Southville International School and Colleges.

MLA

Manabat Angela Allyson V, . Readiness for retirement. Las Pinas City: Southville International School and Colleges. 2018.

  • Print
  • Cite
  • Add to your cart (remove)
  • Save record
    BIBTEX Dublin Core MARCXML MARC (non-Unicode/MARC-8) MARC (Unicode/UTF-8) MARC (Unicode/UTF-8, Standard) MODS (XML) RIS
  • More searches
    Search for this title in:
    Other Libraries (WorldCat) Other Databases (Google Scholar) Online Stores (Bookfinder.com) Open Library (openlibrary.org)

Exporting to Dublin Core...

SOUTHVILLE LIBRARY

Southville International School and Colleges Library

1281 Tropical Ave. Cor. Luxembourg St., BF Homes International, Las Pinas City

Tel. No. 8256374 / 252358 Loc. 117/146

Powered by Koha